Normal view MARC view
  • BEISER, ARTHUR AND OTHERS

Entry Personal Name

Number of records used in: 2

001 - CONTROL NUMBER

  • control field: 3859

003 - CONTROL NUMBER IDENTIFIER

  • control field: OSt

005 - DATE AND TIME OF LATEST TRANSACTION

  • control field: 20170530110432.0

008 - FIXED-LENGTH DATA ELEMENTS

  • fixed length control field: 170530|| aca||aabn | a|a d

040 ## - CATALOGING SOURCE

  • Original cataloging agency: OSt
  • Transcribing agency: OSt

100 ## - HEADING--PERSONAL NAME

  • Personal name: BEISER, ARTHUR AND OTHERS

670 ## - SOURCE DATA FOUND

  • Source citation: Work cat.: (OSt): BEISER, ARTHUR AND OTHERS, CONCEPTS OF MODERN PHYSICS, 2015